Sports Quiz

Random Sports or NBA Quiz

Top NBA Rookie Scorers Since 2000 Quiz Stats

 Plays Quiz Updated Apr 20, 2019

Score 0/200 Timer 20:00
28 Plays Today
Points Player % Correct
1,654LeBron James
98.6%
1,725Carmelo Anthony
92.9%
1,624Kevin Durant
91.6%
1,845Blake Griffin
90.7%
642Eddie Griffin
89.3%
1,399Stephen Curry
84.4%
1,361Derrick Rose
84.3%
1,549Trae Young
83.5%
1,526Luke Dončić
82.8%
1,562Damian Lillard
81.8%
1,616Donovan Mitchell
81%
1,256Russell Westbrook
81%
975Marc Gasol
81%
1,441Pau Gasol
80.9%
1,503Karl-Anthony Towns
79%
1,279Ben Simmons
78.5%
1,258Chris Paul
77.2%
991Dwyane Wade
76.8%
1,387Andrew Wiggins
74.3%
1,143DeMarcus Cousins
69%
1,131John Wall
64.9%
867Anthony Davis
63.2%
981Dwight Howard
61.2%
826Klay Thompson
60.5%
864Deron Williams
60.4%
714Jay Williams
60.3%
672Marvin Williams
60.2%
753James Harden
59.7%
1,371Collin Sexton
58.9%
1,242Kyle Kuzma
58.7%
1,048Dennis Smith Jr.
58.7%
656Terrence Williams
58.4%
861Chris Bosh
58.3%
1,112Jason Tatum
57.9%
910Jason Thompson
57.6%
1,159Deandre Ayton
57.4%
1,104Yao Ming
57.3%
627Joel Embiid
57.1%
944Kyrie Irving
56.7%
782J.R. Smith
56.1%
715Josh Smith
56%
608Craig Smith
55.8%
899Kevin Love
55%
1,235Ben Gordon
53.7%
1,252Eric Gordon
53.6%
1,627Elton Brand
53.4%
1,450Tyreke Evans
52.8%
798Jaren Jackson
52.8%
705Tony Parker
52.1%
838Jeff Green
51.4%
709Wesley Johnson
50.6%
1,012Josh Jackson
50.4%
846Rudy Gay
49.3%
799Kemba Walker
48%
593Stanley Johnson
47.5%
1,105Emeka Okafor
46.7%
1,028Kristaps Porzingis
46.4%
1,201Caron Butler
46.1%
749Isaiah Thomas
45.5%
594Kenny Thomas
45.2%
662DeMar DeRozan
44.6%
1,054D'Angelo Russell
44.3%
635Stephen Jackson
44.1%
633Marc Jackson
44.1%
928Jahlil Okafor
43.8%
1,048Devin Booker
43.4%
587Jarrett Allen
43.1%
Points Player % Correct
780Bradley Beal
42.8%
1,106Amar'e Stoudemire
42.3%
1,270Brandon Jennings
41.6%
955Brandon Roy
41.2%
844De'Aaron Fox
40.7%
1,068Brook Lopez
40.1%
1,516O.J. Mayo
39.4%
1,388Steve Francis
39%
975Mike Miller
37.6%
914Andre Miller
37.5%
742Richard Jefferson
37.5%
740Brandon Ingram
36.7%
821Al Horford
35.1%
1,167Michael Carter-Williams
34.8%
810Carlos Boozer
34.6%
1,106Victor Oladipo
34.4%
814Kenyon Martin
32%
1,151Jason Richardson
31.6%
613Quentin Richardson
31.5%
711Luol Deng
31.4%
768Andrew Bogut
31.1%
923Marvin Bagley
30.7%
963Kevin Knox
30.4%
741Andre Iguodala
30.1%
646Courtney Lee
29.8%
796Nikola Jokic
28.5%
1,259Lamar Odom
28.4%
1,033Lauri Markkanen
28.1%
610Thaddeus Young
28%
1,040Dario Saric
27.8%
1,123Michael Beasley
27.7%
778Zach LaVine
27.5%
866Buddy Hield
27.4%
595Sam Young
27.3%
811Jamal Murray
27.3%
744Nerlens Noel
27.2%
587Danny Granger
27%
751Andrea Bargnani
26.9%
915Kirk Hinrich
25.8%
889Shai Gilgeous-Alexander
25.8%
639Richard Hamilton
25.2%
689Jameer Nelson
24.9%
670Nate Robinson
24.8%
818Mario Chalmers
24.4%
767Malcolm Brogdon
24.2%
587Jrue Holiday
23.5%
619Myles Turner
23.2%
731Elfrid Payton
23%
751Greg Monroe
22.6%
777John Collins
22.2%
948Raymond Felton
20.5%
748Harrison Barnes
20.1%
880Andrei Kirilenko
19.9%
946Darren Collison
19.5%
824Tim Hardaway
19.3%
847Brandon Knight
19%
657Jason Terry
19%
1,125Shane Battier
18.7%
866Ron Artest
18.4%
872Emmanuel Mudiay
18.3%
735Taj Gibson
18.1%
646Corey Maggette
18%
898Dillon Brooks
17%
684Mikal Bridges
16.8%
917Bogdan Bogdanovic
16.8%
597Miles Bridges
16.8%
839Nene
16.7%
Points Player % Correct
894Dion Waiters
16.6%
703Jordan Clarkson
16.4%
761Darius Miles
16.1%
1,094Jonny Flynn
15.8%
727Kevin Huerter
14.9%
708MarShon Brooks
14.8%
599Chandler Parsons
14.6%
704Michael Kidd-Gilchrist
13.6%
895Trey Burke
12.7%
769Wesley Matthews
12.6%
610Tyler Zeller
12.6%
589Salim Stoudamire
12.4%
847Luis Scola
12.1%
917Adam Morrison
12%
833Nikola Mirotic
11.7%
747Morris Peterson
11.5%
875Drew Gooden
10.7%
1,005Al Thornton
10.1%
797Landry Fields
9.9%
753Marquese Chriss
9.8%
850D.J. Augustin
9.7%
832Randy Foye
9.6%
695Allonzo Trier
9.4%
1,057Marcus Thornton
9.4%
751Jamaal Tinsley
9%
802Channing Frye
8.5%
720Ben McLemore
8.5%
700Bojan Bogdanovic
8.4%
845Wally Szczerbiak
8.3%
606Frank Kaminsky
8.1%
1,053Charlie Villanueva
7.9%
678Jalen Brunson
7.6%
638DeJuan Blair
7.3%
607Kelly Olynyk
7.2%
815Rudy Fernandez
6.8%
783Gary Neal
6.4%
587Willy Hernangomez
6.3%
673Jarvis Hayes
6.1%
683Marcus Fizer
5.8%
722Landry Shamet
5.3%
677Andres Nocioni
5.1%
792Omri Casspi
4.7%
807Josh Childress
4.7%
627Rashad McCants
4.5%
741Jonas Jerebko
4.4%
589Matt Bonner
4.3%
610Brandon Rush
4.3%
662James Posey
4.3%
676Anthony Morrow
4.1%
629Dajuan Wagner
4.1%
618Courtney Alexander
3.8%
657Chase Budinger
3.8%
608Marreese Speights
3.7%
625Maurice Harkless
3.7%
720Kyle Singler
3.3%
747Nenad Krstic
3.2%
661Jamario Moon
3.2%
896Juan Carlos Navarro
3%
594Luc Mbah a Moute
2.9%
935Gordan Giricek
2.9%
707Luther Head
2.7%
782Chucky Atkins
2.1%
587Andrew Nicholson
1.9%
681Trenton Hassell
1.8%
665Alexey Shved
1.6%
706Vonteego Cummings
1.4%

You're not logged in!

Compare scores with friends on all Sporcle quizzes.
OR
Log In

Sporcle TV

Today on Sporcle TV


Watch our educational content, quiz creation guides, and fun videos on Sporcle TV.

Show Comments

Extras

Top Quizzes Today


Score Distribution

Your Account Isn't Verified!

In order to create a playlist on Sporcle, you need to verify the email address you used during registration. Go to your Sporcle Settings to finish the process.

Report this User

Report this user for behavior that violates our Community Guidelines.

Details: